The law of consumer protection / (Record no. 145007)
[ view plain ]
| 000 -LEADER | |
|---|---|
| fixed length control field | 00800nam a22002297a 4500 |
| 005 - DATE AND TIME OF LATEST TRANSACTION | |
| control field | 20170919162633.0 |
| 010 ## - LCCN (DPL NO) | |
| LC control number | ENG-120812-813 |
| 020 ## - INTERNATIONAL STANDARD BOOK NUMBER | |
| International Standard Book Number | 9788131252307(vol-1) |
| Terms of availability | 3495.00 (set of 2vols) |
| 020 ## - INTERNATIONAL STANDARD BOOK NUMBER | |
| International Standard Book Number | 9788131252307(vol-2) |
| Terms of availability | 3495.00 (set of 2vols) |
| 035 ## - SYSTEM CONTROL NUMBER | |
| System control number | EN-104344-345 |
| 037 ## - SOURCE OF ACQUISITION | |
| Source of stock number/acquisition | DBAD/PUB |
| 082 ## - DEWEY DECIMAL CLASSIFICATION NUMBER | |
| Classification number | 343.54071 |
| 100 ## - MAIN ENTRY--PERSONAL NAME | |
| Personal name | Sudhanshu Kumar |
| 245 ## - TITLE STATEMENT | |
| Title | The law of consumer protection / |
| Statement of responsibility, etc | by D.P. Wadhwa [and] N.L. Rajah |
| 250 ## - EDITION STATEMENT | |
| Edition statement | 3rd ed by Sudhanshu Kumar |
| 260 ## - PUBLICATION, DISTRIBUTION, ETC. (IMPRINT) | |
| Place of publication, distribution, etc | Gurgaon |
| Name of publisher, distributor, etc | Lexis Nexis |
| Date of publication, distribution, etc | 2017 |
| 270 ## - ADDRESS | |
| Address | 14th floor, Building No 10, Tower-B, DLF Cyber City, Phase-ll, |
| City | Gurgaon |
| Postal code | 122002 |
| 300 ## - PHYSICAL DESCRIPTION | |
| Extent | 2-vols-(ccIxx,5142p. ; xIviii,1543p.) |
| Dimensions | 25cm(Hb) |
| 500 ## - GENERAL NOTE | |
| General note | Includes index |
| 700 ## - ADDED ENTRY--PERSONAL NAME | |
| Personal name | N.L. Rajah |
| 942 ## - ADDED ENTRY ELEMENTS (KOHA) | |
| Source of classification or shelving scheme | Dewey Decimal Classification |
| Item type | English Books |
| Call number suffix | WAD |
| Classification part | 343.54071 |
| Withdrawn status | Lost status | Materials specified (bound volume or other part) | Not for loan | Collection code | Home library | Current library | Date acquired | Source of acquisition | Cost, normal purchase price | Full call number | Barcode | Copy number | Cost, replacement price | Koha item type |
|---|---|---|---|---|---|---|---|---|---|---|---|---|---|---|
| vol-1 | Not For Loan | Reference | Central Library | Central Library | 19/09/2017 | DBAD/PUB | 3495.00 | 343.54071 WAD | EN-104344 | 1 | 3495.00 | English Books | ||
| vol-2 | Not For Loan | Reference | Central Library | Central Library | 19/09/2017 | DBAD/PUB | 3495.00 | 343.54071 WAD | EN-104345 | 1 | 3495.00 | English Books |
